000 01181nam a2200253 a 4500
001 001080126
003 AM-YeHGA
005 20250617163019.0
008 150519m1947 ru r 000 0 rus d
040 _aAM-YeHGA
041 0 _arus
100 1 _aХаритонов, Лука Никифорович
245 1 0 _aСовременный якутский язык /
_cЛ.Н. Харитонов; НИИ языка, литературы и истории ЯАССР; Под ред. Н.К. Дмитриева.
260 _aЯкутск :
_bГосиздат ЯАССР,
_c1947-.
300 _aЧасть ;
_c20 см.
504 _aБиблиогр. в подстроч. примеч.
505 1 0 _gЧ. 1 (1947, 311, [1] с., ил) :
_tфонетика и морфология
650 1 4 _aЯкутский язык
_xГрамматика
650 1 4 _aЯкутский язык
_xФонетика
650 1 4 _aЯкутский язык
_xМорфология
700 1 _aДмитриев, Н.К.
_eред.
_4edt
710 2 _aНаучно-исследовательский институт языка, литературы и истории ЯАССР
090 _c502846
999 _c499436
_d499436